| 000 | 01212nam a22003497a 4500 | ||
|---|---|---|---|
| 003 | CHAP | ||
| 005 | 20220329135103.0 | ||
| 008 | 971013s1972 r 00010 d | ||
| 010 | _a30723 | ||
| 011 | _a31695 | ||
| 035 | _a35807 | ||
| 040 | _cCHAP | ||
| 082 |
_a631.49861 _bC6 |
||
| 100 | 0 | 0 |
_aCortés Lombana, Abdón. _928373 |
| 245 | _aGenésis y clasificación de algunos suelos de la amazonia colombiana | ||
| 260 |
_aBogotá : _bUniv. de Bogotá. Depto. de Investigaciones Científicas, _c1972 |
||
| 300 |
_a34 h. _b; apénd. ; gráfs. |
||
| 590 |
_aBATCH-UPD _b10 _c20130110 _lUCH01 _h0142 |
||
| 590 |
_aBATCH-UPD _b10 _c20130110 _lUCH01 _h1525 |
||
| 590 |
_aBATCH-UPD _b10 _c20130409 _lUCH01 _h2141 |
||
| 590 |
_aBATCH-UPD _b10 _c20130410 _lUCH01 _h0935 |
||
| 590 |
_aBATCH-UPD _b10 _c20130914 _lUCH01 _h1109 |
||
| 590 |
_aCONVERSION _b10 _c20130109 _lUCH01 _h1317 |
||
| 650 | 1 | 4 |
_aSuelos _xClasificación. _9110239 |
| 650 | 1 | 4 |
_aSuelos _xColombia. _9110276 |
| 650 | 1 | 4 |
_aSuelos _xFormación. _9110377 |
| 700 | 0 |
_aJimenéz R., Jairo. _961439 |
|
| 700 | 0 |
_aRey Contreras, Jaime Alberto. _996722 |
|
| 901 | _aBK | ||
| 942 | _cLIBRO | ||
| 949 |
_a631.49861 C6 _bBC _cLIBRO _d33724000830576 _eLIBRO _h38027 _i35807 _mD _sb |
||
| 999 |
_c30723 _d30723 |
||